00362nam a2200133Ia 4500100001900000490000600019942000700025654001000032245003800042260003500080546001200115999001700127952008400144 aGumhalter/ H.  vI cBK aPower aPower Supply Systems- Principles bWiley easternaNew Delhic1989 aENGLISH c32052d32052 001040708CRCaCRCEbCRCEd2023-03-17l0o p5052r2023-03-17w2023-03-17yBK